|
|
|
|
| LEADER |
00000cam a22000004a 4500 |
| 001 |
musev2_4078 |
| 003 |
MdBmJHUP |
| 005 |
20230905040513.0 |
| 006 |
m o d |
| 007 |
cr||||||||nn|n |
| 008 |
080423s2009 ilu o 00 0 eng d |
| 010 |
|
|
|z 2008018043
|
| 020 |
|
|
|a 9780809386703
|
| 020 |
|
|
|z 9780809328918
|
| 035 |
|
|
|a (OCoLC)457232409
|
| 040 |
|
|
|a MdBmJHUP
|c MdBmJHUP
|
| 043 |
|
|
|a n-us---
|
| 050 |
0 |
4 |
|a E457.2
|b .L833 2009
|
| 082 |
0 |
|
|a 973.7092
|2 22
|
| 245 |
0 |
0 |
|a Lincoln Lessons :
|b Reflections on America's Greatest Leader /
|c edited by Frank J. Williams and William D. Pederson.
|
| 264 |
|
1 |
|a Carbondale :
|b Southern Illinois University Press,
|c 2009.
|
| 264 |
|
3 |
|a Baltimore, Md. :
|b Project MUSE,
|c 2012
|
| 264 |
|
4 |
|c ©2009.
|
| 300 |
|
|
|a 1 online resource (192 pages):
|b ill. ;
|
| 336 |
|
|
|a text
|b txt
|2 rdacontent
|
| 337 |
|
|
|a computer
|b c
|2 rdamedia
|
| 338 |
|
|
|a online resource
|b cr
|2 rdacarrier
|
| 504 |
|
|
|a Includes bibliographical references (p. 169-172) and index.
|
| 505 |
0 |
|
|a Getting right with Mary Lincoln: or, how a first lady taught me to be a feminist / Jean H. Baker -- Lincoln on democracy / Mario M. Cuomo -- A view from the Lincoln museum / Joan Flinspach -- The evolution of a Lincoln editor / Sara Vaughn Gabbard -- Transforming foes to allies: the political alchemy of Lincoln / Doris Kearns Goodwin -- The Lincoln visual image: a personal journey of discovery / Harold V. Jaffa -- Lincoln through the eyes of a civil war and civil rights historian / John F. Marszalek -- Lincoln's legacy for our time / James M. McPherson -- Lincoln and African American memory / Edna Greene Medford -- Suspension of habeas corpus / Sandra Day O'Connor -- Lincoln and the meaning of equality: how I became a "lost cause" apostate / Mackubin Thomas Owens -- Crossing borders to an international Lincoln / William D. Pederson -- Tell me what you want to believe, and I'll tell you what you will believe / Edward Steers Jr. -- Sixteen feet tall: Abraham Lincoln and history / Craig L. Symonds -- Historian, editor, and the assassination legacy / Thomas Reed Turner -- The compleat Lincolnator: enthusiast, collector, and scholar / Frank J. Williams.
|
| 588 |
|
|
|a Description based on print version record.
|
| 600 |
1 |
0 |
|a Lincoln, Abraham,
|d 1809-1865
|x Political and social views.
|
| 600 |
1 |
0 |
|a Lincoln, Abraham,
|d 1809-1865
|x Influence.
|
| 650 |
|
0 |
|a Presidents
|z United States
|v Biography.
|
| 650 |
|
0 |
|a Democracy
|z United States.
|
| 650 |
|
0 |
|a Political leadership
|z United States.
|
| 651 |
|
0 |
|a United States
|x Politics and government
|x Philosophy.
|
| 655 |
|
7 |
|a Electronic books.
|2 local
|
| 700 |
1 |
|
|a Pederson, William D.,
|d 1946-
|
| 700 |
1 |
|
|a Williams, Frank J.
|
| 710 |
2 |
|
|a Project Muse.
|e distributor
|
| 830 |
|
0 |
|a Book collections on Project MUSE.
|
| 856 |
4 |
0 |
|z Texto completo
|u https://projectmuse.uam.elogim.com/book/4078/
|
| 945 |
|
|
|a Project MUSE - Custom Collection
|
| 945 |
|
|
|a Project MUSE - Archive Complete Foundation
|
| 945 |
|
|
|a Project MUSE - Archive History Foundation
|